A preface to democratic theory
Salvato in:
| Autore principale: | |
|---|---|
| Natura: | Libro |
| Lingua: | inglese |
| Pubblicazione: |
Chicago
The University of Chicago
1956
|
| Soggetti: | |
| Tags: |
Aggiungi Tag
Nessun Tag, puoi essere il primo ad aggiungerne!!
|
MARC
| LEADER | 00000nam a2200000 a 4500 | ||
|---|---|---|---|
| 001 | UCT7225 | ||
| 003 | CL-VaPUC | ||
| 008 | 970117e19560000US |||||||||||||||||eng|d | ||
| 082 | 0 | 4 | |a 321.8 |b DAH |2 21 |
| 100 | 0 | |a Dahl, Robert Alan |e author |9 378107 | |
| 245 | 1 | 2 | |a A preface to democratic theory |
| 300 | |a 154 p | ||
| 942 | |c BK | ||
| 945 | |d 19970117 00:00:00 |a lriquelm | ||
| 260 | |a Chicago |b The University of Chicago |c 1956 | ||
| 650 | 0 | |a Democracia |9 255256 | |
| 650 | 7 | |a TEORIA POLITICA |2 CL-VaPUC |9 378108 | |
| 650 | 0 | |a Libertad |9 255686 | |
| 650 | 0 | |a Igualdad social |9 358751 | |
| 650 | 0 | |a Igualdad |9 258477 | |
| 651 | 0 | |a Estados Unidos |9 255178 | |
| 583 | |a last modification |c 19970117 00:00:00 |k Rodrigo Vera | ||
| 999 | |c 255881 |d 255879 | ||
| 952 | |0 0 |1 0 |4 0 |6 321_800000000000000_DAH_1956 |7 0 |8 A |9 278343 |a BIBDER |b BIBDER |d 2019-11-19 |i 1802976 |o 321.8 DAH 1956 |p 1802976 |r 2023-01-25 |w 2019-11-19 |y BK |k DER | ||
| 952 | |0 0 |1 0 |4 0 |6 321_800000000000000_DAH_1956 |7 0 |8 A |9 278344 |a BIBHIS |b BIBHIS |d 2019-11-19 |i 1208217 |o 321.8 DAH 1956 |p 1208217 |r 2025-01-20 |w 2019-11-19 |y BK |k HIS | ||